01245nam a2200349 450000100060000000300090000600500170001500700030003200800410003502000150007604000300009108200270012110000340014824501120018226400310029430000280032533600280035333700350038133800300041649000290044650400290047553400440050459000270054865000190057565000250059470000540061970000330067391000410070694200120074795201210075999900150088030734DO-SdBPM20250702113216.0ta990527s1998 sp | ||| ||spa  a8437616875 aDO-SdBPMbspacBPMSUerda 4a823.91bT549a 19982221 aRhys, Jeand1894-1979eautor 10aAncho mar de los SargazoscJean Rhys ; edición de Mª José Coperías ; traducción de Elizabeth Power aMadrid : bCátedrac1998 a213 páginas :c18 cm. atexto btxt2rdacontent asin mediación bn2rdamedia  avolumen bnc2rdacarrier 0 aLetras universales,v271 aBibliografía: p. 71-74 pTítulo original : tWide Sargasso sea aInventariado, 2025/ VM 7aNovela inglesa 7aMatrimonio vNovela 1 aCoperías Aguilar, María Joséeedición 4 1 aPower, Elizabethetraductora aVMateo V. Control de calidad. BPMSU  2ddccBK 00102ddc708CGaBPMETbBPMETd2015-11-10l0oBPMSU CG 823.91 T549a 1998pBPMSU15110154r2015-11-10w2015-11-10yBK c8617d8617